|
|
|
|
| LEADER |
00000cam a2200000 7i4500 |
| 001 |
0000006960 |
| 005 |
20060228093000.0 |
| 008 |
021119s1983 |
| 090 |
0 |
0 |
|a BP136.48
|b .S92 1983
|
| 245 |
1 |
0 |
|a سؤالات ابي عبيد الاجري ابا داود السجستاني في الجرح والتعديل
|c دراسة وتحقيق محمد علي قاسم العمري
|
| 260 |
2 |
|
|a مدينة :
|b الجامعة الاسلامية ,
|c 1983
|
| 300 |
|
|
|a j3 (422 p.) ;
|c 25 cm.
|
| 500 |
|
|
|a Indludes bibliographical references [p.399-410] and index
|
| 650 |
|
0 |
|a Hadith
|x Authorities
|
| 700 |
0 |
|
|a عمري, محمد علي قاسم ,
|e author
|
| 999 |
|
|
|a 1000061538
|b Book
|c OPEN SHELF (30 DAYS)
|e Gong Badak Campus
|
| 999 |
|
|
|a 1000061539
|b Book
|c OPEN SHELF (30 DAYS)
|e Gong Badak Campus
|